[Event "Cto de Aragon por Equipos Preferente"]
[Site "?"]
[Date "2020.02.29"]
[Round "6.52"]
[White "Barranco Castillo, Jose Antonio"]
[Black "Casas Chine, German"]
[Result "0-1"]
[WhiteElo "1612"]
[BlackElo "1787"]
[PlyCount "82"]
[EventDate "2020.??.??"]
[WhiteTeam "IberCaja B"]
[BlackTeam "Fraga"]

1. Nf3 g6 2. g3 d6 3. Bg2 e5 4. d3 Bg7 5. e4 Ne7 6. c3 O-O 7. Be3 h6 8. Qd2 Kh7
9. h4 Bg4 10. Nh2 Be6 11. h5 g5 12. Nf3 f6 13. Qc2 Nd7 14. Nbd2 Nb6 15. d4 Ng8
16. O-O-O Qe7 17. d5 Bg4 18. Rdg1 a5 19. Ne1 Rfb8 20. f3 Bd7 21. f4 Nc8 22.
Nef3 b5 23. Bf1 b4 24. c4 a4 25. Qd1 c6 26. Bd3 c5 27. Rh2 Bg4 28. Qf1 Rb7 29.
Rgh1 Nb6 30. Ne1 Kh8 31. f5 Qe8 32. Ng2 a3 33. b3 Na4 34. bxa4 b3 35. Nxb3 Qxa4
36. Bc2 Rb4 37. Nd2 Qa5 38. Bb3 Rxb3 39. Nf3 Qc3+ 40. Kd1 Rb1+ 41. Ke2 Rb2+ 0-1

[Event "Cto de Aragon por Equipos Preferente"]
[Site "?"]
[Date "2020.02.29"]
[Round "6.53"]
[White "Veras Sanz, Marino"]
[Black "Planas Torrea, Francisco Javier"]
[Result "1/2-1/2"]
[WhiteElo "2076"]
[BlackElo "2079"]
[PlyCount "83"]
[EventDate "2020.??.??"]
[WhiteTeam "El Olivar B"]
[BlackTeam "Ejea"]

1. d4 Nf6 2. c4 g6 3. Nf3 Bg7 4. g3 b6 5. Bg2 Bb7 6. O-O O-O 7. b3 d6 8. Bb2
Nbd7 9. Nc3 Re8 10. Qc2 e5 11. dxe5 dxe5 12. Rad1 e4 13. Ng5 Qe7 14. Ncxe4 Nxe4
15. Nxe4 Bxe4 16. Bxe4 Qxe4 17. Qxe4 Rxe4 18. Bxg7 Kxg7 19. Rxd7 Rxe2 20. Rxc7
Rxa2 21. Rd1 Rb2 22. Rdd7 Rf8 23. Rxa7 Rxb3 24. Rab7 Rb4 25. Rdc7 h5 26. Rc6 h4
27. gxh4 Rh8 28. Rbxb6 Ra4 29. Rb2 Rxh4 30. Rc2 Rg4+ 31. Kf1 g5 32. f3 Rf4 33.
Kg2 Ra3 34. Rf2 Rc3 35. h3 Rcxc4 36. Rxc4 Rxc4 37. Ra2 f5 38. Ra6 f4 39. h4
gxh4 40. Kh3 Rc3 41. Kxh4 Rxf3 42. Kg4 1/2-1/2

[Event "Cto de Aragon por Equipos Preferente"]
[Site "?"]
[Date "2020.02.29"]
[Round "6.54"]
[White "Planas Torrea, Alberto"]
[Black "Bailo Remacha, Santiago"]
[Result "1/2-1/2"]
[WhiteElo "1910"]
[BlackElo "1972"]
[PlyCount "52"]
[EventDate "2020.??.??"]
[WhiteTeam "Ejea"]
[BlackTeam "El Olivar B"]

1. e4 c5 2. Nf3 d6 3. d4 cxd4 4. Nxd4 Nf6 5. Nc3 a6 6. Be2 e6 7. Be3 Be7 8. Qd2
b5 9. a3 Bb7 10. f3 Nbd7 11. O-O O-O 12. Rfd1 d5 13. exd5 Nxd5 14. Nxd5 Bxd5
15. c4 bxc4 16. Bxc4 Nf6 17. Be2 Qd6 18. Rac1 Rfc8 19. Rxc8+ Rxc8 20. Qa5 Qe5
21. Bf2 Bd6 22. Bg3 Qe3+ 23. Bf2 Qe5 24. g3 Bc4 25. Qxe5 Bxe5 26. Bxc4 Rxc4
1/2-1/2

[Event "Cto de Aragon por Equipos Preferente"]
[Site "?"]
[Date "2020.02.29"]
[Round "6.55"]
[White "Requena Munguira, Jorge"]
[Black "Marcellan Peire, Jesus Eduardo"]
[Result "0-1"]
[WhiteElo "1942"]
[BlackElo "1883"]
[PlyCount "50"]
[EventDate "2020.??.??"]
[WhiteTeam "El Olivar B"]
[BlackTeam "Ejea"]

1. d4 Nf6 2. c4 g6 3. Nc3 Bg7 4. e4 d6 5. f4 O-O 6. Nf3 c5 7. d5 e6 8. Bd3 exd5
9. cxd5 Re8 10. O-O Bg4 11. h3 Bxf3 12. Qxf3 a6 13. a4 Nbd7 14. g4 h6 15. h4 h5
16. g5 Ng4 17. Rb1 Qb6 18. Bc4 Qb4 19. Be2 Bd4+ 20. Kg2 Bxc3 21. e5 Bd2 22. Kg3
dxe5 23. f5 Qf4+ 24. Qxf4 exf4+ 25. Kf3 Re3+ 0-1

[Event "Cto de Aragon por Equipos Preferente"]
[Site "?"]
[Date "2020.02.29"]
[Round "6.56"]
[White "Asin Jimenez, Pedro Jose"]
[Black "Munoz Valles, Jorge"]
[Result "1-0"]
[WhiteElo "1721"]
[BlackElo "1636"]
[PlyCount "161"]
[EventDate "2020.??.??"]
[WhiteTeam "Ejea"]
[BlackTeam "El Olivar B"]

1. e4 d6 2. d4 Nf6 3. Nc3 Nbd7 4. Nf3 e5 5. Be2 Be7 6. O-O O-O 7. h3 c6 8. a4
b6 9. Be3 Qc7 10. Qd2 Bb7 11. Rfd1 a6 12. d5 Rac8 13. Bd3 cxd5 14. exd5 Nc5 15.
Bf5 Rb8 16. b4 Ncd7 17. Bxd7 Nxd7 18. Ne4 f5 19. Neg5 f4 20. Bxf4 exf4 21. Qd3
Bxg5 22. Nxg5 Nf6 23. Ne6 Qd7 24. Nxf8 Rxf8 25. c4 f3 26. Re1 Nh5 27. Re4 fxg2
28. Qe3 Bc8 29. Kxg2 Qf5 30. Re1 Bd7 31. Re7 Qg6+ 32. Kh2 Qc2 33. Re2 Qf5 34.
Re1 Nf4 35. Qg3 Ng6 36. R7e3 Ne5 37. Rg1 g6 38. f4 Qxf4 39. Qxf4 Rxf4 40. Rc1
Bxa4 41. c5 Rxb4 42. c6 Rb2+ 43. Kg3 Rc2 44. Rc3 Rxc1 45. Rxc1 h6 46. c7 Bd7
47. c8=Q+ Bxc8 48. Rxc8+ Kf7 49. Rb8 Nc4 50. Rc8 b5 51. Kf4 a5 52. Ke4 Kf6 53.
Rb8 b4 54. Kd4 Nb2 55. Rb6 Ke7 56. Rb5 Nd1 57. Rxa5 b3 58. Ra1 Nf2 59. h4 Ng4
60. Rb1 Ne5 61. Rxb3 Kf6 62. Rb6 Ke7 63. Ke4 Ng4 64. Rb7+ Kf6 65. Rb6 Ke7 66.
Rb7+ Kd8 67. Rg7 Nf6+ 68. Kd4 g5 69. hxg5 hxg5 70. Rxg5 Ke7 71. Rg7+ Kf8 72.
Ra7 Ke8 73. Kc4 Ne4 74. Kb5 Nc3+ 75. Kc6 Kd8 76. Rd7+ Ke8 77. Rxd6 Ke7 78. Rh6
Ke8 79. Rh7 Kd8 80. d6 Ke8 81. d7+ 1-0

[Event "Cto de Aragon por Equipos Preferente"]
[Site "?"]
[Date "2020.02.29"]
[Round "6.57"]
[White "Llanes Luno, Ricardo"]
[Black "Vela Frago, Alberto"]
[Result "1-0"]
[WhiteElo "2236"]
[BlackElo "2040"]
[PlyCount "65"]
[EventDate "2020.??.??"]
[WhiteTeam "Delicias"]
[BlackTeam "St. Casablanca C"]

1. e4 e5 2. Nf3 Nc6 3. Nc3 Nf6 4. Bb5 Bd6 5. d3 h6 6. Ne2 a6 7. Ba4 b5 8. Bb3
Bc5 9. O-O d6 10. c3 O-O 11. Ng3 Re8 12. Nh4 Be6 13. Nhf5 d5 14. Qe2 Kh7 15.
exd5 Bxd5 16. Bc2 Bf8 17. Ne3 g6 18. Nxd5 Nxd5 19. Qf3 Qd7 20. a4 f5 21. axb5
axb5 22. Rxa8 Rxa8 23. h4 h5 24. Bg5 Re8 25. Ra1 Be7 26. Bb3 Bxg5 27. hxg5 Nf4
28. d4 h4 29. dxe5 hxg3 30. Qxf4 gxf2+ 31. Kxf2 Kg7 32. Rh1 Nxe5 33. Rh7+ 1-0

[Event "Cto de Aragon por Equipos Preferente"]
[Site "?"]
[Date "2020.02.29"]
[Round "6.58"]
[White "Garcia Andres, Daniel"]
[Black "Neila Castillo, Miguel Angel"]
[Result "0-1"]
[WhiteElo "2029"]
[BlackElo "2122"]
[PlyCount "70"]
[EventDate "2020.??.??"]
[WhiteTeam "St. Casablanca C"]
[BlackTeam "Delicias"]

1. e4 d5 2. exd5 Qxd5 3. Nc3 Qa5 4. d4 Nf6 5. Bd2 c6 6. Bc4 Bf5 7. Nf3 e6 8.
O-O Nbd7 9. Qe2 Qc7 10. d5 cxd5 11. Bxd5 Be7 12. Nd4 Bg4 13. f3 Bc5 14. Be3 O-O
15. Bb3 Bh5 16. g4 Bg6 17. Kh1 a6 18. Rg1 b5 19. h4 h5 20. g5 Nd5 21. Ne4 Nxe3
22. Qxe3 e5 23. c3 exd4 24. cxd4 Ba7 25. Rac1 Qb6 26. Rgd1 Rac8 27. Rxc8 Rxc8
28. Qf4 Bb8 29. Qd2 Qc7 30. Rf1 Qf4 31. Qxf4 Bxf4 32. Re1 Rc1 33. Rxc1 Bxc1 34.
Nc5 Nxc5 35. dxc5 Kf8 0-1

[Event "Cto de Aragon por Equipos Preferente"]
[Site "?"]
[Date "2020.02.29"]
[Round "6.59"]
[White "Lamas Mercadal, Manuel"]
[Black "Cebollada Pacheco, Jesus Raul"]
[Result "0-1"]
[WhiteElo "2117"]
[BlackElo "1971"]
[PlyCount "90"]
[EventDate "2020.??.??"]
[WhiteTeam "Delicias"]
[BlackTeam "St. Casablanca C"]

1. d4 Nf6 2. Bg5 e6 3. e4 c5 4. d5 Qa5+ 5. Bd2 Qc7 6. Nc3 a6 7. f4 d6 8. Nf3 b5
9. dxe6 Bxe6 10. e5 dxe5 11. fxe5 Nfd7 12. Bf4 Nc6 13. Nd5 Qb7 14. c4 Nd4 15.
Nxd4 cxd4 16. Qf3 Ra7 17. Bd3 bxc4 18. Be4 Qxb2 19. O-O Bc5 20. Kh1 d3 21. Qg3
g6 22. Rab1 Qa3 23. Nf6+ Kd8 24. Bc6 Nb6 25. Be3 Kc7 26. Qf3 d2 27. Ne8+ Rxe8
28. Bxc5 Qxc5 29. Bxe8 c3 30. Bxf7 Bf5 31. Rb3 c2 32. Rc3 c1=Q 33. Rxc5+ Qxc5
34. e6 Qd6 35. Qc3+ Kb7 36. Rd1 Bxe6 37. Bxe6 Qxe6 38. Qxd2 Ra8 39. h3 Re8 40.
Rb1 Re7 41. Qd4 Qc6 42. a4 a5 43. Qh4 Qe4 44. Rxb6+ Kxb6 45. Qf6+ Ka7 0-1

[Event "Cto de Aragon por Equipos Preferente"]
[Site "?"]
[Date "2020.02.29"]
[Round "6.60"]
[White "Pellicer Abella, Emilio"]
[Black "Roche Simon, Manuel Angel"]
[Result "0-1"]
[WhiteElo "1808"]
[BlackElo "2030"]
[PlyCount "73"]
[EventDate "2020.??.??"]
[WhiteTeam "St. Casablanca C"]
[BlackTeam "Delicias"]

1. d4 Nf6 2. Nf3 c5 3. e3 d5 4. c3 Nc6 5. Bd3 e6 6. Nbd2 Bd6 7. Qe2 O-O 8. e4
dxe4 9. Nxe4 cxd4 10. cxd4 Bb4+ 11. Bd2 Bxd2+ 12. Qxd2 h6 13. O-O Nd5 14. a3 b6
15. Rad1 Bb7 16. Bb1 Rc8 17. Qd3 f5 18. Ng3 Qd6 19. Rfe1 Nf4 20. Qe3 Rf6 21.
Ne2 Nxe2+ 22. Qxe2 Rd8 23. Ba2 Kh8 24. d5 exd5 25. Rxd5 Qf8 26. Rxd8 Qxd8 27.
Qe8+ Rf8 28. Qxd8 Rxd8 29. Nh4 Bc8 30. Bb1 Nd4 31. Kh1 g5 32. Ng6+ Kg7 33. Ne5
Kf6 34. h3 Bb7 35. Kh2 h5 36. Nd3 h4 37. f4 {Cae la bandera del blanco.} 0-1

[Event "Cto de Aragon por Equipos Preferente"]
[Site "?"]
[Date "2020.02.29"]
[Round "6.61"]
[White "Flores Samperiz, Jorge"]
[Black "Larrosa Poves, Jose Manuel"]
[Result "0-1"]
[WhiteElo "1976"]
[BlackElo "1894"]
[PlyCount "62"]
[EventDate "2020.??.??"]
[WhiteTeam "Helios B"]
[BlackTeam "Agrupacion C"]

1. d4 d5 2. c4 e6 3. Nf3 c6 4. Nc3 dxc4 5. e4 b5 6. Be2 Bb4 7. O-O Nf6 8. Qc2
Nbd7 9. Bg5 Bxc3 10. bxc3 Qc7 11. Nd2 Bb7 12. e5 Nd5 13. Ne4 O-O 14. Bh4 h6 15.
Qd2 f5 16. Nd6 c5 17. Bf3 Bc6 18. Bxd5 Bxd5 19. Qf4 Qc6 20. Qg3 cxd4 21. cxd4
b4 22. Be7 a5 23. Bxf8 Nxf8 24. Nxc4 Qxc4 25. Rfd1 Qe2 26. h3 Rc8 27. Rdc1 Rc2
28. Rxc2 Qxc2 29. Qe3 a4 30. a3 b3 31. Rc1 Qe4 0-1

[Event "Cto de Aragon por Equipos Preferente"]
[Site "?"]
[Date "2020.02.29"]
[Round "6.62"]
[White "Martin Pastor, Ivan"]
[Black "Anson Casaos, Alejandro"]
[Result "1/2-1/2"]
[WhiteElo "1770"]
[BlackElo "1826"]
[PlyCount "137"]
[EventDate "2020.??.??"]
[WhiteTeam "Agrupacion C"]
[BlackTeam "Helios B"]

1. e4 c6 2. d3 d5 3. Nd2 e5 4. Ngf3 Bd6 5. g3 Ne7 6. Bg2 O-O 7. O-O Nd7 8. Ng5
h6 9. Nh3 Bc5 10. Kh1 Nf6 11. Qe2 Ng6 12. Nb3 Bb6 13. Be3 dxe4 14. dxe4 Be6 15.
f4 Bg4 16. Qe1 exf4 17. gxf4 Qe7 18. e5 Nd5 19. Bxb6 axb6 20. Qg3 Qh4 21. Nf2
Be2 22. Nd3 Qxg3 23. hxg3 Bxf1 24. Bxf1 Ne3 25. a3 Nxc2 26. Rc1 Ne3 27. Bh3
Rad8 28. Nf2 Ne7 29. Re1 N3f5 30. Kh2 Nd4 31. Nxd4 Rxd4 32. Ne4 Nd5 33. Re2 Rd8
34. Nd6 Nc7 35. Bg2 Rb8 36. Nf5 Rd1 37. Kh3 Ne8 38. e6 fxe6 39. Rxe6 Nf6 40.
Nxh6+ gxh6 41. Rxf6 Kg7 42. Re6 Rd7 43. Be4 Rh8 44. Bg6 Rhd8 45. Bf5 Rd6 46.
Re3 Kf6 47. Bb1 c5 48. Kh4 b5 49. Re5 Rd5 50. Re4 c4 51. Re3 Rg8 52. Be4 Rd2
53. g4 Re8 54. g5+ hxg5+ 55. fxg5+ Kg7 56. Kg4 Rxb2 57. g6 Rb3 58. Re1 Rxa3 59.
Kf5 b4 60. Rd1 Ra5+ 61. Kf4 Rxe4+ 62. Kxe4 Kxg6 63. Kd4 c3 64. Kc4 Ra6 65. Kxb4
Rc6 66. Rc1 c2 67. Kb3 Kf5 68. Rxc2 Rxc2 69. Kxc2 1/2-1/2

[Event "Cto de Aragon por Equipos Preferente"]
[Site "?"]
[Date "2020.02.29"]
[Round "6.63"]
[White "Gonzalez Azuara, Javier"]
[Black "Domingo Romance, Agustin"]
[Result "1-0"]
[WhiteElo "1722"]
[BlackElo "1706"]
[PlyCount "71"]
[EventDate "2020.??.??"]
[WhiteTeam "Helios B"]
[BlackTeam "Agrupacion C"]

1. d4 d5 2. Nf3 Nf6 3. Bf4 e6 4. c4 Be7 5. Nc3 c6 6. h3 Nbd7 7. e3 O-O 8. Bd3
dxc4 9. Bxc4 Nd5 10. Bg3 b5 11. Nxd5 exd5 12. Bd3 Bb4+ 13. Nd2 Qa5 14. a3 Bxd2+
15. Qxd2 Qb6 16. O-O c5 17. dxc5 Nxc5 18. Bc2 Be6 19. Qd4 Rac8 20. Rac1 Nd7 21.
Qh4 g6 22. Bb3 Qd8 23. Qh6 Qf6 24. Rb1 Nc5 25. Ba2 Ne4 26. Bh4 Qg7 27. Qxg7+
Kxg7 28. Be7 Rfe8 29. Bb4 Nc5 30. Rfd1 Red8 31. Rbc1 Na4 32. Rxc8 Rxc8 33. Bxd5
Rd8 34. Bb3 Rxd1+ 35. Bxd1 Nxb2 36. Bc3+ 1-0

[Event "Cto de Aragon por Equipos Preferente"]
[Site "?"]
[Date "2020.02.29"]
[Round "6.64"]
[White "Conon, Catalin"]
[Black "Moreno Antonio, Mario"]
[Result "1-0"]
[WhiteElo "1620"]
[BlackElo "1589"]
[PlyCount "86"]
[EventDate "2020.??.??"]
[WhiteTeam "Agrupacion C"]
[BlackTeam "Helios B"]

1. e4 c5 2. Nc3 Nc6 3. Bb5 a6 4. Bxc6 bxc6 5. Nf3 g6 6. O-O Bg7 7. d3 d6 8. Re1
Nf6 9. h3 e5 10. Be3 O-O 11. Qd2 Qe7 12. Bh6 Nh5 13. Bxg7 Kxg7 14. Ne2 Rb8 15.
c3 h6 16. d4 cxd4 17. cxd4 Qf6 18. dxe5 dxe5 19. Qc2 Re8 20. Rac1 Bb7 21. Qc5
Ba8 22. b3 Rb5 23. Qe3 Rbb8 24. Rc5 Rbd8 25. Rec1 Qd6 26. Qc3 f6 27. Rxc6 Bxc6
28. Qxc6 Re6 29. Qc7+ Re7 30. Qc4 Rdd7 31. Qc5 Qxc5 32. Rxc5 Kf7 33. Ra5 Re6
34. g4 Nf4 35. Nxf4 exf4 36. e5 Rb7 37. exf6 Kxf6 38. h4 Rb5 39. Ra4 g5 40.
hxg5+ hxg5 41. Nd4 Re1+ 42. Kg2 Rb6 43. Nf3 Ree6 1-0

[Event "Cto de Aragon por Equipos Preferente"]
[Site "?"]
[Date "2020.02.29"]
[Round "6.65"]
[White "Fuster Garcia, Luis"]
[Black "Mombiela De Sus, Jose Luis"]
[Result "1-0"]
[WhiteElo "2169"]
[BlackElo "1933"]
[PlyCount "105"]
[EventDate "2020.??.??"]
[WhiteTeam "Marcos Frechin B"]
[BlackTeam "Las Fuentes B"]

1. e4 d5 2. exd5 Nf6 3. d4 Bg4 4. Nf3 Qxd5 5. Be2 Nc6 6. c4 Qf5 7. Be3 O-O-O 8.
Nbd2 e5 9. d5 Nb4 10. O-O Nc2 11. h3 Bxf3 12. Bxf3 Nxe3 13. fxe3 Qg6 14. Qb3 e4
15. Be2 Bc5 16. Rf2 h5 17. Nf1 Ng4 18. hxg4 hxg4 19. g3 Rh5 20. Qd1 f5 21. Rxf5
Rxf5 22. Bxg4 Kb8 23. Bxf5 Qxf5 24. Qe2 Qg5 25. a3 Rh8 26. b4 Bd6 27. Qg2 Rf8
28. Ra2 Rf3 29. Rf2 Qf6 30. c5 Be5 31. Nd2 Rxg3 32. Qxg3 Bxg3 33. Rxf6 gxf6 34.
Nxe4 Be5 35. a4 c6 36. d6 b6 37. a5 Kb7 38. axb6 axb6 39. Kg2 bxc5 40. bxc5 Kc8
41. Kf3 Kd7 42. Nf2 Ke6 43. Nd3 Bc3 44. Ke4 f5+ 45. Kf4 Bd2 46. Kf3 Kd5 47.
Nf4+ Ke5 48. Ke2 Ba5 49. Kd3 Kf6 50. Ne2 Ke6 51. Kc4 Bd2 52. Nd4+ Kf7 53. Nxf5
1-0

[Event "Cto de Aragon por Equipos Preferente"]
[Site "?"]
[Date "2020.02.29"]
[Round "6.66"]
[White "Morato Garcia, Jesus"]
[Black "Moya Gimeno, Raul"]
[Result "0-1"]
[WhiteElo "1847"]
[BlackElo "1851"]
[PlyCount "70"]
[EventDate "2020.??.??"]
[WhiteTeam "Las Fuentes B"]
[BlackTeam "Marcos Frechin B"]

1. d4 Nf6 2. Nf3 g6 3. c4 Bg7 4. Nc3 O-O 5. Bf4 d6 6. h3 Nbd7 7. e4 c5 8. d5
Nh5 9. Bh2 a6 10. Be2 b5 11. cxb5 axb5 12. a3 Qa5 13. O-O Bxc3 14. bxc3 Qxc3
15. Bxb5 Rxa3 16. Rxa3 Qxa3 17. Qd2 f6 18. Rb1 Ne5 19. Nh4 Bxh3 20. gxh3 Qxh3
21. Bxe5 fxe5 22. Ng2 Nf4 23. Bf1 Qg4 24. Qd1 Nh3+ 25. Kh2 Qxd1 26. Rxd1 Nxf2
27. Ra1 Nxe4 28. Bb5 g5 29. Ra7 Kf7 30. Bd7 Rb8 31. Be6+ Kf6 32. Ne3 Rb2+ 33.
Kh3 Rb3 34. Kg4 Rxe3 35. Ra8 Nf2+ 0-1

[Event "Cto de Aragon por Equipos Preferente"]
[Site "?"]
[Date "2020.02.29"]
[Round "6.67"]
[White "Hususan, Melisa"]
[Black "Edeso Perez, Francisco"]
[Result "1/2-1/2"]
[WhiteElo "1749"]
[BlackElo "1786"]
[PlyCount "56"]
[EventDate "2020.??.??"]
[WhiteTeam "Marcos Frechin B"]
[BlackTeam "Las Fuentes B"]

1. e4 c5 2. Nf3 d6 3. d4 cxd4 4. Nxd4 Nf6 5. Nc3 Nc6 6. f3 e6 7. Bc4 Be7 8. Be3
O-O 9. h4 Nxd4 10. Qxd4 a6 11. Bb3 Bd7 12. O-O-O b5 13. g4 a5 14. a3 b4 15. Nb1
a4 16. Ba2 bxa3 17. Nxa3 Bc6 18. h5 Ne8 19. Qd2 Qa5 20. Qg2 d5 21. exd5 Bxd5
22. Bxd5 exd5 23. Bd2 Qc5 24. Bc3 Qe3+ 25. Bd2 Qc5 26. g5 Rb8 27. Bc3 Qe3+ 28.
Bd2 Qc5 1/2-1/2

[Event "Cto de Aragon por Equipos Preferente"]
[Site "?"]
[Date "2020.02.29"]
[Round "6.68"]
[White "Garcia Lasheras, Miguel Angel"]
[Black "Farinas Argudo, Adrian"]
[Result "1-0"]
[WhiteElo "1681"]
[BlackElo "1700"]
[PlyCount "79"]
[EventDate "2020.??.??"]
[WhiteTeam "Las Fuentes B"]
[BlackTeam "Marcos Frechin B"]

1. d4 d5 2. Nf3 Nf6 3. e3 Bf5 4. Bd3 Bg6 5. Qe2 e6 6. Nbd2 c6 7. e4 dxe4 8.
Nxe4 Nbd7 9. O-O Nxe4 10. Bxe4 Nf6 11. Bd3 Be7 12. Be3 Bh5 13. c4 Ng4 14. h3
Nxe3 15. fxe3 c5 16. Rad1 Qb6 17. g4 Bg6 18. Qf2 O-O 19. Qc2 Rfd8 20. Bxg6 hxg6
21. Qf2 f6 22. Rd2 Rf8 23. Qg2 Rad8 24. Rfd1 cxd4 25. exd4 Bb4 26. Rd3 e5 27.
c5 Qc6 28. dxe5 Qxc5+ 29. Kh1 Rxd3 30. Rxd3 fxe5 31. Rd1 e4 32. Nd4 Qe5 33. Qe2
Bc5 34. Qc4+ Kh8 35. Ne6 Rf2 36. Rd8+ Kh7 37. Ng5+ Kh6 38. Nf7+ Rxf7 39. Qxf7
e3 40. g5+ 1-0

[Event "Cto de Aragon por Equipos Preferente"]
[Site "?"]
[Date "2020.02.29"]
[Round "6.69"]
[White "Gracia Suarez, Jesus"]
[Black "Fernandez Rubio, Rafael"]
[Result "0-1"]
[WhiteElo "2073"]
[BlackElo "2063"]
[PlyCount "146"]
[EventDate "2020.??.??"]
[WhiteTeam "San Jose"]
[BlackTeam "Tauste"]

1. Nc3 c6 2. e4 d5 3. Nf3 dxe4 4. Nxe4 Nf6 5. Nxf6+ exf6 6. d4 Bd6 7. Qe2+ Be7
8. g3 O-O 9. Bg2 Re8 10. O-O Bg4 11. Be3 Qd7 12. Rfd1 Na6 13. c4 Qf5 14. Qd3
Qh5 15. Bf4 Rad8 16. Qb3 Rd7 17. Re1 Red8 18. a3 Bf8 19. Qc3 g5 20. Bd2 Bg7 21.
Rac1 Nc7 22. Qe3 Ne6 23. Ba5 Bxf3 24. Qxf3 g4 25. Qc3 b6 26. d5 cxd5 27. cxd5
Ng5 28. Bb4 f5 29. Qc6 Bd4 30. Be7 Rxe7 31. Rxe7 f4 32. Re8+ Rxe8 33. Qxe8+ Kg7
34. Rc8 Bxf2+ 35. Kxf2 Qxh2 36. Qf8+ Kg6 37. Rc6+ Kf5 38. Qc8+ Ne6 39. Rxe6
Qxg3+ 40. Kf1 fxe6 41. Qxe6+ Kg5 42. Qe5+ Kh6 43. Qf6+ Kh5 44. Qf5+ Kh6 45. Be4
Qh3+ 46. Ke1 Qe3+ 47. Kd1 Qg1+ 48. Kc2 f3 49. Qxh7+ Kg5 50. Qf5+ Kh4 51. d6
Qh2+ 52. Kb3 Qxd6 53. Ka2 Kg3 54. Bd5 Qf4 55. Qd3 Kh2 56. Qh7+ Kg2 57. Qc2+ Kg3
58. Qd3 Qe5 59. Bc4 Qe1 60. Kb3 Kg2 61. Bd5 Qf2 62. Qe4 g3 63. Ka4 Qf1 64. b4
Qd1+ 65. Kb5 Kf2 66. Bc4 g2 67. Qh4+ Kg1 68. Qg3 f2 69. Qe3 Qh5+ 70. Ka6 Qh4
71. Bd5 Kh2 72. Qe5+ Qg3 73. Qh5+ Kg1 0-1

[Event "Cto de Aragon por Equipos Preferente"]
[Site "?"]
[Date "2020.02.29"]
[Round "6.70"]
[White "Sancho Casale, Jesus"]
[Black "Gutierrez Mingueza, Ruben"]
[Result "1/2-1/2"]
[WhiteElo "1923"]
[BlackElo "2041"]
[PlyCount "56"]
[EventDate "2020.??.??"]
[WhiteTeam "Tauste"]
[BlackTeam "San Jose"]

1. Nf3 c5 2. c4 Nc6 3. Nc3 Nf6 4. d4 cxd4 5. Nxd4 g6 6. e4 d6 7. Be2 Bg7 8. Be3
O-O 9. O-O Bd7 10. Rc1 Nxd4 11. Bxd4 Bc6 12. f3 Nd7 13. b4 Bxd4+ 14. Qxd4 Qb6
15. Qxb6 Nxb6 16. b5 Bd7 17. a4 Be6 18. f4 f6 19. Nd5 Bxd5 20. cxd5 Nxa4 21.
Rc7 Nc5 22. Bf3 Rfe8 23. Bg4 a5 24. bxa6 bxa6 25. e5 f5 26. Be2 Rac8 27. Ra7
Ra8 28. Rc7 Rac8 1/2-1/2

[Event "Cto de Aragon por Equipos Preferente"]
[Site "?"]
[Date "2020.02.29"]
[Round "6.71"]
[White "Ferreruela Romero, Jose Joaquin"]
[Black "Muro Turon, Raul"]
[Result "1-0"]
[WhiteElo "2034"]
[BlackElo "1843"]
[PlyCount "51"]
[EventDate "2020.??.??"]
[WhiteTeam "San Jose"]
[BlackTeam "Tauste"]

1. d4 d5 2. c4 c6 3. Nc3 Nf6 4. Nf3 e6 5. Bg5 dxc4 6. e4 b5 7. e5 h6 8. Bh4 g5
9. Nxg5 hxg5 10. Bxg5 Nbd7 11. g3 Qb6 12. exf6 Bb7 13. Bg2 O-O-O 14. O-O Ne5
15. Be3 c5 16. d5 Nd3 17. b3 exd5 18. bxc4 dxc4 19. Qg4+ Kb8 20. Ne4 Bd5 21.
Rab1 a6 22. Nc3 Nb4 23. Bxd5 Rxd5 24. Nxd5 Nxd5 25. Qd7 Nc7 26. Bf4 1-0

[Event "Cto de Aragon por Equipos Preferente"]
[Site "?"]
[Date "2020.02.29"]
[Round "6.72"]
[White "Carbonel Sanchez, Andres"]
[Black "Palomar Ramon, Santiago"]
[Result "1-0"]
[WhiteElo "1825"]
[BlackElo "1974"]
[PlyCount "91"]
[EventDate "2020.??.??"]
[WhiteTeam "Tauste"]
[BlackTeam "San Jose"]

1. e4 e5 2. Nf3 Nc6 3. c3 d6 4. Bc4 Be7 5. O-O Nf6 6. Re1 O-O 7. d3 Bd7 8. b4
Qc8 9. Nbd2 Be6 10. Qb3 a5 11. b5 Nd8 12. a4 c6 13. Ba3 Re8 14. Bxe6 Nxe6 15.
g3 Nd7 16. Nc4 Nec5 17. Qc2 cxb5 18. axb5 Nxe4 19. Rxe4 d5 20. Bxe7 dxe4 21.
Nd6 Qc7 22. Nxe8 Rxe8 23. Nh4 Rxe7 24. Nf5 Re8 25. dxe4 g6 26. Ne3 Nf6 27. g4
h6 28. h4 Kg7 29. g5 hxg5 30. hxg5 Nh5 31. Nd5 Qd7 32. Qe2 Rh8 33. Qf3 Qxb5 34.
Kg2 a4 35. Qd1 Ra8 36. Nc7 Qc4 37. Nxa8 Qxe4+ 38. f3 Qh4 39. Rxa4 Qxg5+ 40. Rg4
Qe3 41. Nc7 Qxc3 42. Nd5 Qb2+ 43. Kh3 b5 44. Qe1 Qb3 45. Qxe5+ Kh6 46. Qh8# 1-0

[Event "Cto de Aragon por Equipos D. Honor"]
[Site "?"]
[Date "2020.03.07"]
[Round "7.1"]
[White "Forcen Esteban, Daniel"]
[Black "Zambrana Petisme, Ramiro"]
[Result "1-0"]
[WhiteElo "2548"]
[BlackElo "2107"]
[PlyCount "65"]
[EventDate "2020.01.25"]
[WhiteTeam "Jaime Casas"]
[BlackTeam "Palacio De Pioneros B"]

1. d4 Nf6 2. c4 g6 3. Nc3 Bg7 4. e4 d6 5. f3 c6 6. Be3 a6 7. Qd2 b5 8. Bd3 Nbd7
9. Nge2 bxc4 10. Bxc4 Nb6 11. Bd3 a5 12. Bh6 Bxh6 13. Qxh6 Be6 14. O-O a4 15.
Rad1 Ra5 16. Rfe1 Rh5 17. Qc1 O-O 18. Nf4 Ra5 19. Nxe6 fxe6 20. Ne2 Qd7 21. Qd2
Qa7 22. Nf4 Kf7 23. Nh3 e5 24. Ng5+ Ke8 25. Kh1 exd4 26. Ne6 Rf7 27. Nxd4 Rc5
28. Nxc6 Qd7 29. Nd4 Nh5 30. Qb4 Qa7 31. Bb5+ Nd7 32. e5 Rf4 33. e6 1-0

[Event "Cto de Aragon por Equipos D. Honor"]
[Site "?"]
[Date "2020.03.07"]
[Round "7.2"]
[White "Gomez Salinas, Nestor"]
[Black "Gines Esteo, Pedro Antonio"]
[Result "0-1"]
[WhiteElo "2029"]
[BlackElo "2482"]
[PlyCount "110"]
[EventDate "2020.01.25"]
[WhiteTeam "Palacio De Pioneros B"]
[BlackTeam "Jaime Casas"]

1. e4 c6 2. Nc3 d5 3. Nf3 Bg4 4. h3 Bxf3 5. Qxf3 e6 6. d4 dxe4 7. Qxe4 Nf6 8.
Qd3 Na6 9. a3 Qa5 10. Rb1 Nc7 11. b4 Qf5 12. Qxf5 exf5 13. Bc4 b5 14. Bd3 g6
15. O-O Bg7 16. Re1+ Kd7 17. Bd2 a6 18. Ne2 Ne4 19. Bf4 Nd5 20. c4 Nxf4 21.
Nxf4 Nd2 22. Rbd1 Nxc4 23. Bxc4 bxc4 24. Rc1 Rhe8 25. Re3 Bh6 26. g3 a5 27.
Rxc4 axb4 28. axb4 Bxf4 29. gxf4 Rxe3 30. fxe3 Ra2 31. Rc5 Re2 32. d5 cxd5 33.
Rxd5+ Ke7 34. Re5+ Kd6 35. h4 h5 36. Kf1 Rh2 37. Kg1 Rb2 38. b5 Rc2 39. b6 Rb2
40. b7 Rxb7 41. Kf2 Rb1 42. Kf3 Rg1 43. Kf2 Rg4 44. Kf3 Rxh4 45. Kg2 Rg4+ 46.
Kh2 Kd7 47. Kh1 Rg3 48. Kh2 h4 49. Rd5+ Ke7 50. Re5+ Kf8 51. e4 Re3 52. exf5
Rxe5 53. fxe5 gxf5 54. Kh3 Ke7 55. Kxh4 Ke6 0-1

[Event "Cto de Aragon por Equipos D. Honor"]
[Site "?"]
[Date "2020.03.07"]
[Round "7.3"]
[White "Fontana Sotomayor, Luis Javier"]
[Black "Caballero Ortin, Jorge"]
[Result "1-0"]
[WhiteElo "2264"]
[BlackElo "1624"]
[PlyCount "91"]
[EventDate "2020.01.25"]
[WhiteTeam "Jaime Casas"]
[BlackTeam "Palacio De Pioneros B"]

1. Nc3 c5 2. e4 Nc6 3. g3 g6 4. Bg2 Bg7 5. d3 e6 6. Be3 Nd4 7. Nce2 Ne7 8. c3
Nxe2 9. Nxe2 d6 10. Qd2 Rb8 11. d4 b6 12. Bh6 Bxh6 13. Qxh6 Ba6 14. h4 Qd7 15.
Qd2 Bxe2 16. Qxe2 cxd4 17. cxd4 d5 18. exd5 Nxd5 19. h5 g5 20. Qe5 Ke7 21.
Qxg5+ Nf6 22. Rh4 Rhg8 23. Qe5 Qd6 24. Qxd6+ Kxd6 25. Rc1 Rbc8 26. Rxc8 Rxc8
27. Kd2 Rc4 28. h6 Ra4 29. a3 Ra5 30. Rh1 Rb5 31. b4 Rf5 32. f4 Rh5 33. Rxh5
Nxh5 34. g4 Nxf4 35. Be4 Ng6 36. g5 Nf8 37. Kd3 b5 38. Ke3 Kd7 39. Kf4 Ng6+ 40.
Bxg6 fxg6 41. Ke5 Ke7 42. d5 exd5 43. Kxd5 Kd7 44. Kc5 Kc7 45. Kxb5 Kb7 46. a4
1-0